The Internet and the Language Classroom

Gardado en:
Detalles Bibliográficos
Autor Principal: Dudeney, Gavin
Formato: Libro
Idioma:Undetermined
Publicado: Cambridge Cambridge University Press 2000
Những chủ đề:
Các nhãn: Engadir etiqueta
Sen Etiquetas, Sexa o primeiro en etiquetar este rexistro!
Thư viện lưu trữ: Trung tâm Học liệu Trường Đại học Cần Thơ
LEADER 00594nam a2200205Ia 4500
001 CTU_64957
008 210402s9999 xx 000 0 und d
020 |c 227000 
082 |a 418.00285 
082 |b D845 
100 |a Dudeney, Gavin 
245 4 |a The Internet and the Language Classroom 
245 0 |c Gavin Dudeney 
260 |a Cambridge 
260 |b Cambridge University Press 
260 |c 2000 
650 |a Language and languages,Computer network resources 
650 |x Study and teaching 
904 |i TUYẾN,Hải 
980 |a Trung tâm Học liệu Trường Đại học Cần Thơ